Imperative clauses in generative grammar (Record no. 240144)
[ view plain ]
| 000 -LEADER | |
|---|---|
| fixed length control field | 01386nam a2200337Ia 4500 |
| 082 04 - DEWEY DECIMAL CLASSIFICATION NUMBER | |
| Classification number | 415/.0182 |
| 245 00 - TITLE STATEMENT | |
| Title | Imperative clauses in generative grammar |
| 260 ## - PUBLICATION, DISTRIBUTION, ETC. (IMPRINT) | |
| Place of publication | Amsterdam ; |
| -- | Philadelphia : |
| Name of publisher | J. Benjamins Pub., |
| Year of publication | 2007. |
| 300 ## - PHYSICAL DESCRIPTION | |
| Number of Pages | viii, 352 p. |
| 490 0# - SERIES STATEMENT | |
| Series statement | Linguistik aktuell = Linguistics today, |
| 500 ## - GENERAL NOTE | |
| General note | Includes index. |
| 650 #0 - SUBJECT ADDED ENTRY--TOPICAL TERM | |
| Topical Term | Grammar, Comparative and general |
| Topical Term | Grammar, Comparative and general |
| Topical Term | Generative grammar. |
| 700 1# - ADDED ENTRY--PERSONAL NAME | |
| Personal name | Beukema, F. H. |
| Personal name | Wurff, Wim van der. |
| 856 40 - ELECTRONIC LOCATION AND ACCESS | |
| Uniform Resource Identifier | http://site.ebrary.com/lib/rucke/Doc?id=10179971 |
No items available.
